Trombinoscope - Les Visages des Voix Off des Jeux TV - Statistiques

Statistiques générales
  • Ce quiz a été pris 187 fois
    58 depuis la dernière actualisation
  • Le résultat moyen est 4 sur 8
Statistiques - réponses
Hint Extra Hint Réponse % Correct
Isabelle Benhadj Voix de "Zette" dans le jeu télévisé "Les Douze Coups de midi"
72%
Gilles Vautier Voix de "Bill" dans le jeu télévisé "Le Bigdil"
70%
François Berland Voix off du jeu télévisé "Le Maillon Faible"
65%
Clément Donnet Voix off du jeu télévisé "Tout le monde veut prendre sa place"
58%
Trina Mac-Dinh Voix off du jeu télévisé "Le Juste Prix"
49%
Marion Guillon Voix off du jeu télévisé "Chacun son tour"
28%
Gaëlle Leroy Voix de "Cruella" dans le jeu télévisé "N'oubliez pas les paroles"
23%
Francine Baudelot Voix off du jeu télévisé "Questions pour un champion"
16%
Aucun quiz correspondant
Distribution des résultats
% des personnes avec chaque résultat
Percentile par nombre de réponses
Votre historique - résultats
Vous n’avez pas pris ce quiz depuis la dernière actualisation